00632 2200253 4500001002100000005001500021008000500036020002200041035002400063040001200087082000800099084001800107100001600125245005900141250001100200260003800211300003500249650002000284700001400304850001200318990001600330990001600346990001600362YOGYA00000000009975220140823124502 ind a978-979-3065-79-3 0010-101300000000645 aYOPDYOG a813 aYOG 813 Ahm P aAHMAD MUNIF aPerempuan Jogja/cAhmad Munif ; penyunting, Sholeh UG. aCet.1. aYogyakarta:bMara Pustaka,c2012. aix, 297 hlm.;c21 cm. (3 eks.) aFiksi Indonesia aSholeh UG aYOPDYOG a0227/B.2013 a0228/B.2013 a0229/B.2013